000 00712nam a2200229Ia 4500
005 20250508164138.0
008 008 250505s9999 xx 000 0 eng d
020 _a0-415-35699-7
037 _aReference
040 _aFEDL
_beng
_cFEDL
041 _aeng
_2eng
084 _a374, SEL
_qFEDL
100 _aSelwyn Neil
_9777467
245 0 _aAdult learning in the digital age: Information technology and the learning society
260 _aLondon, UK
_bRoutledge
_c2006
300 _axviii,229p
365 _aGBP
_b22.99
650 _aAdult education - Information technology
_9777468
700 _a Gorard Stephen Furlong John
_9777469
942 _cREF
_h374, SEL
999 _c1387304
_d1387304